000 00413nam a22001577a 4500
005 20200530150129.0
008 200530b xxu||||| |||| 00| 0 eng d
041 _aeng
082 _a340
100 _aBARE ACT
_95744
245 _aTHE INFANT MILK SUBSITITUTES FEEDING BOTTELS AND INFANT FOODS ACT, 1992
260 _aDELHI
_bPROFESSIONAL BOOK PUBLISHERS
300 _a16;p
650 _aLAW
_95701
942 _cBK
999 _c6666
_d6664